000 00555nam a2200205Ia 4500
005 20250923145600.0
008 008 250917s9999 xx 000 0 eng d
037 _aTextual
040 _aDSWL
_beng
_cDSWL
041 _aeng
_2eng
084 _aX:9:Y14, N68
_qDSWL
245 0 _aInternational standard classification of occupations
_c by I.L.O.
250 _a2nd
260 _aGeneva
_bI.L.O.
_c1968
300 _av,355p.
365 _aINR
_b35
925 _g35
942 _cTEXL
_hX:9:Y14, N68
999 _c1453115
_d1453115